[Event "RUS-chT Premier League 2018"]
[Site "Sochi"]
[Date "2018.05.05"]
[Round "5"]
[White "Stupak, Kirill"]
[Black "Kobalia, Mikhail"]
[Result "1/2-1/2"]
[WhiteElo "2556"]
[BlackElo "2601"]
[Annotator "TA"]
[PlyCount "99"]
[EventDate "2018.??.??"]
[EventCountry "RUS"]
[SourceTitle "playchess.com"]
[Source "ChessBase"]
[SourceQuality "1"]

{[%evp 11,99,25,14,8,13,0,-12,-8,-20,-22,-4,-10,7,0,0,0,1,0,0,0,0,0,0,0,0,0,0,0,0,0,0,0,0,0,0,0,0,0,0,0,0,0,0,0,0,0,0,0,0,0,5,0,0,0,0,0,0,0,0,0,4,2,10,4,4,4,8,11,8,5,8,0,0,0,8,0,1,0,0,0,0,0,0,0,0,0,0,0,37,-22]} 1. d4 f5 2. g3 Nf6 3. Bg2 d6 4. Nh3 e5 5. dxe5 dxe5 6. Qxd8+ {A81: Dutch Defence: 2 g3} Kxd8 {LiveBook: 3 Games} 7. Nc3 h6 $146 ({Predecessor:} 7... Bd6 8. e4 h6 9. f4 fxe4 10. Nf2 exf4 11. Bxf4 Bxf4 12. gxf4 {½-½ (37) Chatalbashev,B (2593)-Grunberg,M (2391) Eforie Nord 2010}) 8. Be3 {The position is equal.} c6 9. O-O-O+ Nbd7 10. f3 Kc7 11. Nf2 Bc5 12. Bxc5 Nxc5 13. Rhe1 Be6 14. e4 {[#] aiming for exf5.} f4 15. gxf4 exf4 16. Ne2 g5 17. Nd4 {b4 is the strong threat.} Rae8 ({Don't play} 17... Bxa2 $6 18. b3 $16) 18. h4 Bc8 ({Much weaker is} 18... Bxa2 $6 19. b3 $16) 19. Bh3 Bxh3 ({Reject} 19... gxh4 $6 20. Bxc8 Kxc8 21. Rh1 $16) 20. Nxh3 g4 21. fxg4 Nxg4 22. Nxf4 Rhf8 23. Nd3 Nxe4 24. Re2 Nef2 {[#] Threatens to win with ...Rxe2.} 25. Nxf2 Nxf2 26. Rxe8 Rxe8 $11 {[%mdl 4096] Endgame KRN-KRN} 27. Rf1 Re4 28. c3 Nd3+ 29. Kc2 Ne5 30. Rf5 a6 31. h5 c5 32. Ne6+ Kd6 33. Nf4 Ng4 34. Rf8 c4 35. Kd2 Kc7 36. Rf7+ Kc6 37. Ne2 b5 38. Nd4+ Kb6 39. Rg7 Ne5 40. Rh7 Ng4 41. Rd7 Rf4 42. Rd6+ Kb7 43. Rg6 Ne5 $1 {[%cal Re5g6]} 44. Rxh6 Rf2+ 45. Ne2 Rh2 46. a3 Nd3 47. Ke3 Nxb2 48. Nf4 Nd1+ 49. Kd4 Rd2+ (49... Rh4 $5 {[%cal Rh4f4]} 50. Rf6 Nb2 $11) 50. Ke4 {Precision: White = 84%, Black = 89%.} (50. Kc5 $14 Nxc3 51. Rh7+ Kb8 52. Kc6) 1/2-1/2

[Event "RUS-chT Premier League 2018"]
[Site "Sochi"]
[Date "2018.05.05"]
[Round "5"]
[White "Tsydypov, Zhamsaran"]
[Black "Motylev, Alexander"]
[Result "1/2-1/2"]
[WhiteElo "2525"]
[BlackElo "2660"]
[Annotator "TA"]
[PlyCount "40"]
[EventDate "2018.??.??"]
[EventCountry "RUS"]
[SourceTitle "playchess.com"]
[Source "ChessBase"]
[SourceQuality "1"]

{[%evp 18,40,-11,-58,-18,-9,-15,-35,0,0,0,-22,-18,-25,-25,-19,-11,-3,0,-21,0,-10,0,-30,0]} 1. Nf3 d5 2. g3 g6 3. Bg2 Bg7 4. O-O e5 5. c4 dxc4 6. Qa4+ Nc6 7. Nc3 Nge7 8. Qxc4 O-O 9. d3 h6 {A07: Réti Opening: New York and Capablanca Systems} (9... Nd4 10. Nxd4 exd4 11. Ne4 Be6 12. Qc2 Bd5 13. Bg5 f6 14. Bf4 c6 15. Qc5 b6 16. Qd6 g5 17. Bd2 {½-½ (52) Artemiev,V (2691)-Wang,H (2709) Huaian 2017}) 10. Be3 {LiveBook: 3 Games} Nf5 11. Bc5 Re8 {The position is equal.} 12. e3 $146 ({Predecessor:} 12. Rfe1 Ncd4 13. Rac1 {0-1 (53) Dumpor,A (2411)-Atalik,S (2583) Zenica 2006}) 12... Be6 13. Qa4 a5 14. Rfd1 Bd7 15. Qb3 b6 16. Ba3 Be6 17. Qa4 Bd7 {[#] Hoping for ...Ncd4.} 18. Qb3 Be6 19. Qa4 Bd7 {White must now prevent ...Ncd4.} 20. Qb3 Be6 1/2-1/2

[Event "RUS-chT Premier League 2018"]
[Site "Sochi"]
[Date "2018.05.05"]
[Round "5"]
[White "Iljiushenok, Ilia"]
[Black "Yuffa, Daniil"]
[Result "1/2-1/2"]
[WhiteElo "2516"]
[BlackElo "2566"]
[Annotator "TA"]
[PlyCount "82"]
[EventDate "2018.??.??"]
[EventCountry "RUS"]
[SourceTitle "playchess.com"]
[Source "ChessBase"]
[SourceQuality "1"]

{[%evp 18,82,-12,-3,49,14,19,12,27,14,14,10,13,24,29,25,38,24,27,26,28,18,14,6,18,0,0,-23,-20,-22,-23,-38,-33,-50,-49,-78,-58,-60,-80,-68,-54,-83,-73,-193,0,-73,487,0,0,0,0,0,0,0,0,0,0,0,0,0,0,0,0,0,0,0,0]} 1. e4 c6 2. d4 d5 3. e5 Bf5 4. h4 h5 5. Bd3 Bxd3 6. Qxd3 {B12: Caro-Kann: Advance Variation} Qa5+ 7. Nd2 {[%cal Bb1d2,Bd2f3,Bf3d4,Bd4b5,Bb5d6][%mdl 32]} e6 8. Ne2 Qa6 9. c4 Ne7 10. b3 {LiveBook: 4 Games} c5 $146 (10... Nd7 $11) ({Predecessor:} 10... Nf5 11. Nf3 Bb4+ 12. Kf1 Nd7 {0-1 (47) Onischuk,V (2601)-Vidit,S (2689) Doha 2016}) 11. O-O (11. Nc3 $5 {[%cal Rc3b5]}) 11... Nbc6 12. Nf3 cxd4 (12... Nf5 {is interesting.} 13. Bg5 Be7 14. Bxe7 dxc4 15. Qxc4 Qxc4 16. bxc4 Nfxe7 17. dxc5 Ng6) 13. Bg5 Ng6 14. Nexd4 dxc4 15. bxc4 Nxd4 16. Nxd4 Bc5 $1 17. Nb5 Qc6 ({But not} 17... Nxe5 $2 18. Nc7+ Kf8 19. Qe4 $18) 18. Nd6+ Kf8 $1 19. Qc3 $1 Bxd6 20. exd6 Qxd6 21. Rad1 Qc6 $1 22. Qb4+ Kg8 23. Rd6 a5 $36 {[%mdl 2048] Black fights for an advantage.} 24. Qd2 Qxc4 25. Rc1 Qg4 26. Rc7 Nxh4 27. Bxh4 Qxh4 28. Rdd7 Rf8 29. Qd6 {aiming for Qxf8+!} Qb4 30. Qe5 (30. Qxb4 $17 {keeps fighting.} axb4 31. Rxb7) 30... h4 $2 {[#]} ({Much less strong is} 30... Qb1+ 31. Kh2 $17) (30... b6 $1 $19 {And now ...Rh6 would win.} 31. Qd6 Qxd6 32. Rxd6 h4 33. Rxb6 Rh5) 31. Rxb7 {[#]} (31. Rxf7 $1 $11 {[%mdl 512] keeps the balance.} Rxf7 32. Rc8+ Rf8 33. Qxe6+ Kh7 34. Rc4) 31... Qa3 $2 {[%mdl 8192]} (31... Qg4 $1 $17 {and life is bright. Threatens to win with ...h3.} 32. Rd4 Rh5 33. Rxf7 Rxe5 34. Rxf8+ Kxf8 35. Rxg4 Re1+ 36. Kh2 Re2) 32. Rxf7 $2 (32. Qc7 $18 Kh7 33. Qc2+ (33. Rxf7 Rxf7 34. Qxf7 Qc1+ 35. Kh2 Qg5 $11) 33... Kg8 34. Rd3 Qxd3 35. Qxd3) 32... Qc1+ {The position is equal.} (32... Rxf7 $5 33. Rb8+ $8 Rf8 34. Qxe6+ Kh7 35. Qe4+ Kg8 36. Qd5+ Kh7 37. Qh5+ Kg8 38. Qd5+ Kh7 39. Qh5+ Kg8 40. Qd5+ $11) 33. Kh2 {[%csl Gb7,Ge5][%cal Rf7g7]} Rxf7 34. Rb8+ Kh7 35. Qh5+ Qh6 36. Rxh8+ Kxh8 37. Qxf7 $11 {KQ-KQ} Kh7 38. Kh3 Qd2 39. Qh5+ Kg8 40. Qe8+ Kh7 41. Qh5+ Kg8 {Precision: White = 45%, Black = 56%.} 1/2-1/2

[Event "RUS-chT Premier League 2018"]
[Site "Sochi"]
[Date "2018.05.05"]
[Round "5"]
[White "Chernobay, Artem"]
[Black "Lomasov, Semen"]
[Result "0-1"]
[WhiteElo "2510"]
[BlackElo "2559"]
[Annotator "TA"]
[PlyCount "98"]
[EventDate "2018.??.??"]
[EventCountry "RUS"]
[SourceTitle "playchess.com"]
[Source "ChessBase"]
[SourceQuality "1"]

{[%evp 15,98,-6,8,-21,-11,-20,-16,-38,-27,-45,-34,-43,-43,-75,-79,-68,-43,-56,-43,-76,-42,-66,-50,-76,-80,-81,-84,-145,-140,-158,-158,-294,-286,-293,-158,-162,-162,-162,-156,-156,-162,-163,-156,-155,-146,-206,-212,-303,-158,-150,-150,-407,-390,-393,-393,-393,-393,-393,-393,-383,-388,-388,-388,-383,-372,-604,-604,-550,-452,-590,-590,-1600,-725,-1614,-734,-1798,-1792,-1349,-1323,-12808,-5616,-4722,-983,-4610,-139]} 1. c4 c5 2. Nf3 Nf6 3. g3 Nc6 4. Bg2 d5 5. cxd5 Nxd5 6. Nc3 Nc7 7. O-O e5 8. a3 Rb8 {LiveBook: 91 Games. A34: Symmetrical English: 2 Nc3, lines with ...d5} 9. b3 $146 ({Predecessor:} 9. Rb1 f6 10. d3 Be7 11. Be3 Bd7 12. Nd2 O-O 13. b4 cxb4 14. axb4 Kh8 15. Bxc6 bxc6 16. Bxa7 Rxb4 {½-½ (30) Almasi,Z (2696)-Vidit,S (2670) Reykjavik 2017}) 9... Be7 10. Bb2 O-O {The position is equal.} 11. d3 Be6 12. Rc1 f6 13. Nd2 Qd7 14. Na4 Na6 $1 15. Re1 Nd4 16. Nc3 $1 Rfd8 17. Ba1 Bf8 18. Rb1 Rbc8 19. Qc1 {[#]} Nb4 $1 {[%mdl 512]} 20. Qb2 (20. axb4 cxb4) 20... Qf7 21. Rbc1 (21. axb4 $2 cxb4 22. Nb5 Nxb5 $19) (21. Bf1 $142) 21... Nbc6 $17 22. Nce4 Na5 $1 (22... Nxb3 $6 23. Nxb3 Bxb3 24. Nxc5 $11) 23. Nxc5 (23. b4 $17 {was necessary.} Nab3 24. Nxb3 Nxb3 25. Nxc5 Bxc5 26. bxc5) 23... Bxc5 $19 ({But not} 23... Rxc5 24. Rxc5 Bxc5 25. b4 $19) 24. b4 Nab3 (24... Bb6 $1 $19 25. bxa5 Bxa5) 25. Nxb3 $17 Nxb3 26. bxc5 Nxc1 27. Rxc1 {[#]} b6 $1 $36 {[%mdl 2560] Keeping White busy.} 28. cxb6 Rxc1+ 29. Qxc1 {Hoping for b7.} axb6 30. Bb2 (30. Qe3 $17 {was worth a try.}) 30... Rc8 $19 31. Qd2 {[#]} (31. Qe3 $142) 31... Bb3 (31... Qc7 $1 $19 {[%cal Rc7c2] Strongly threatening ...Qc2.} 32. Bf1 Qc5) 32. Qb4 $17 Rc2 33. Qxb6 $2 (33. Bc3 $17 {only move.}) 33... g6 ({Not} 33... Rxb2 34. Qb8+ Qf8 {[#]} 35. Bd5+ $1 {[%mdl 512]} Bxd5 36. Qxb2 $19) 34. Qb8+ Kg7 35. Bxe5 Rc1+ ({Resist} 35... fxe5 36. Bf3 $19) 36. Bf1 fxe5 37. Qxe5+ Qf6 38. Qxf6+ Kxf6 39. f4 Ra1 40. h4 $2 (40. Kf2) 40... Be6 $19 {Black is clearly winning.} 41. Kf2 Bg4 42. Bg2 Ra2 43. Bf3 h5 (43... Bxf3 $142 44. Kxf3 Rxa3) 44. Ke3 Ke6 (44... Bxf3 $142 45. Kxf3 Rxa3) 45. Kf2 Rxa3 46. Ke3 Ra2 47. Kf2 Kd6 (47... Bxf3 $142 48. Kxf3 Kd5) 48. Ke3 Kc5 (48... Bxf3 $142 49. Kxf3 Kd5) 49. Ke4 Rxe2+ $2 {Precision: White = 24%, Black = 56%.} (49... Bxf3+ $19 50. Kxf3 Kd4) 0-1

[Event "RUS-chT Premier League 2018"]
[Site "Sochi"]
[Date "2018.05.05"]
[Round "5"]
[White "Hasangatin, Ramil"]
[Black "Rodshtein, Maxim"]
[Result "0-1"]
[WhiteElo "2502"]
[BlackElo "2678"]
[Annotator "TA"]
[PlyCount "69"]
[EventDate "2018.??.??"]
[EventCountry "RUS"]
[SourceTitle "playchess.com"]
[Source "ChessBase"]
[SourceQuality "1"]

{[%evp 12,69,0,-2,-1,-14,-16,-6,0,5,5,-21,-5,-14,0,-10,-7,-8,8,1,0,0,6,0,0,0,0,0,0,0,26,-14,-21,-50,-52,-41,-40,-78,-81,-102,-112,-109,-106,-109,-109,-103,-99,-160,-178,-168,-28,-28,-42,-114,-60,-139,-111,-137,-171,-1256]} 1. Nf3 d5 2. d4 Nf6 3. Bf4 e6 4. e3 c5 5. dxc5 Bxc5 6. c4 {D02: 1 d4 d5 2 Nf3 sidelines, including 2...Nf6 3 g3 and 2...Nf6 3 Bf4} (6. Be2 O-O 7. O-O b6 8. c4 Bb7 9. Nc3 Nbd7 10. Rc1 dxc4 11. Bxc4 a6 12. a4 Qe7 13. Qe2 Nh5 14. Rfd1 Nxf4 15. exf4 Nf6 16. Ne5 g6 {1-0 (61) Demidov,M (2523)-Riazantsev,A (2666) Sochi 2017}) 6... Nc6 7. Nc3 {LiveBook: 6 Games} Bb4 8. Qc2 $146 {The position is equal.} ({Predecessor:} 8. a3 Bxc3+ 9. bxc3 Ne4 10. Bd3 Nxc3 11. Qc2 Qa5 12. O-O dxc4 13. Bxc4 {½-½ (60) Balazs,B (2145)-Gressmann,M (2206) Willingen 2016}) 8... Qa5 9. Bd3 Bd7 {[#] Hoping for ...e5!} 10. O-O {Black should prevent cxd5.} Bxc3 11. Qxc3 Qxc3 12. bxc3 dxc4 13. Bxc4 Ne4 14. Bd3 Nxc3 15. Rfc1 Nd5 16. Bd6 Rd8 17. e4 Nde7 18. e5 f6 19. Rab1 Bc8 20. Be4 Nd5 21. Rc5 fxe5 22. Bxd5 exd5 23. Rxd5 Kf7 24. Ng5+ Kg6 25. Ne4 Bf5 26. f3 Bxe4 27. fxe4 {[#]} Rd7 $1 28. Rb3 Kf6 29. Rf3+ (29. Rbb5 $142) 29... Ke6 $17 30. Bf8 Rg8 (30... Rxd5 $19 31. exd5+ Kxd5 32. Bxg7 Re8) 31. Rxd7 $11 Kxd7 32. h4 (32. Bc5 $15) 32... h5 (32... Ke6 $17 33. Kh2 Nd4) 33. Kh2 (33. Bc5 $15) 33... Ke6 34. Kh3 g5 35. Bc5 $2 {Precision: White = 36%, Black = 57%.} (35. hxg5 Rxg5 36. Rg3 Rxg3+ 37. Kxg3) 0-1

[Event "RUS-chT Premier League 2018"]
[Site "Sochi"]
[Date "2018.05.05"]
[Round "5"]
[White "Khanin, Semen"]
[Black "Oparin, Grigoriy"]
[Result "1/2-1/2"]
[WhiteElo "2477"]
[BlackElo "2584"]
[Annotator "TA"]
[PlyCount "51"]
[EventDate "2018.??.??"]
[EventCountry "RUS"]
[SourceTitle "playchess.com"]
[Source "ChessBase"]
[SourceQuality "1"]

{[%evp 17,51,33,54,18,16,17,19,18,26,0,0,-21,-28,-35,-31,-15,-25,-36,-28,-29,-19,-31,-20,-42,-39,-40,-40,-33,-40,-39,-31,-24,0,-40,0,-35]} 1. e4 c6 2. d4 d5 3. Nd2 dxe4 4. Nxe4 Nf6 5. Nxf6+ exf6 6. c3 Bd6 7. Bd3 O-O 8. Qc2 Re8+ {B15: Caro-Kann: 3 Nc3: 3...g6 and 3...dxe4 4 Nxe4 Nf6 5 Nxf6+ exf6} 9. Ne2 h5 {LiveBook: 27 Games} (9... g6 10. h4 Nd7 11. h5 Nf8 12. Be3 Be6 13. O-O-O a5 14. Kb1 a4 15. hxg6 fxg6 16. c4 Bf7 17. Nc3 a3 18. b3 f5 {0-1 (29) Saric,I (2669)-Jobava,B (2690) Riadh 2017}) 10. h3 Nd7 $146 {[%cal Bb8d7,Bd7f8,Bf8e6][%mdl 32]} ({Predecessor:} 10... Be6 11. Be3 Nd7 12. O-O Qc7 13. c4 Nf8 14. c5 Be7 15. Nf4 g6 16. Nxe6 Nxe6 {0-1 (41) Tan,J (2466)-Hansen,T (2410) chess.com INT 2018}) 11. Be3 Nf8 12. O-O-O Be6 13. Kb1 Bd5 14. Rdg1 b5 $1 15. Nf4 Bxf4 $1 16. Bxf4 Ne6 17. Be3 Qd6 18. f3 Re7 19. Re1 Rae8 20. Re2 a5 {[%cal Ba7a5,Ba5a4][%mdl 32]} 21. Rhe1 a4 22. Bc1 Kf8 23. Be4 {[#] aiming for Bxd5.} Bc4 24. Bd3 Bd5 25. Be4 {Black must now prevent Bxd5.} Bc4 26. Bd3 {Precision: White = 57%, Black = 73%.} 1/2-1/2

[Event "RUS-chT Premier League 2018"]
[Site "Sochi"]
[Date "2018.05.05"]
[Round "5"]
[White "Gutenev, Alexander"]
[Black "Riazantsev, Alexander"]
[Result "1/2-1/2"]
[WhiteElo "2474"]
[BlackElo "2662"]
[Annotator "TA"]
[PlyCount "48"]
[EventDate "2018.??.??"]
[EventCountry "RUS"]
[SourceTitle "playchess.com"]
[Source "ChessBase"]
[SourceQuality "1"]

{[%evp 27,48,19,23,24,12,31,36,0,14,0,0,0,0,0,0,0,0,0,0,0,0,0,0]} 1. e4 c6 2. d4 d5 3. Nd2 dxe4 4. Nxe4 Bf5 5. Ng3 Bg6 6. h4 h6 7. Nf3 e6 8. Ne5 Bh7 9. Bd3 Bxd3 10. Qxd3 Nd7 {B19: Classical Caro-Kann: 4...Bf5 main line} 11. f4 Be7 12. Bd2 Nxe5 13. fxe5 Bxh4 14. O-O-O Bxg3 $1 {LiveBook: 41 Games} 15. Qxg3 Ne7 16. Qxg7 Rg8 17. Qh7 {[#] aiming for Rdf1.} (17. Qf6 Nf5 18. Bxh6 Qxf6 19. exf6 {½-½ (32) Hou,Y (2680)-Karjakin,S (2753) Wijk aan Zee 2018}) 17... Qd5 {The position is equal.} 18. Rhf1 O-O-O {Threatens to win with ...Nf5.} 19. Rxf7 Qxa2 {[%cal Ra2a1]} 20. c3 Qa1+ {[#]} 21. Kc2 $146 Qa4+ 22. Kc1 Qa1+ 23. Kc2 Qa4+ 24. Kc1 Qa1+ 1/2-1/2

[Event "RUS-chT Premier League 2018"]
[Site "Sochi"]
[Date "2018.05.05"]
[Round "5"]
[White "Usmanov, Vasily"]
[Black "Palachev, Petr"]
[Result "1/2-1/2"]
[WhiteElo "2472"]
[BlackElo "2402"]
[Annotator "TA"]
[PlyCount "117"]
[EventDate "2018.??.??"]
[EventCountry "RUS"]
[SourceTitle "playchess.com"]
[Source "ChessBase"]
[SourceQuality "1"]

{[%evp 14,117,-18,-18,-14,-7,-8,-20,-29,-40,-8,-12,-2,-11,6,-15,0,-18,39,37,39,-12,39,39,39,39,39,39,48,43,41,45,50,45,29,46,43,0,8,4,12,12,22,-7,-8,-5,8,0,0,0,0,0,0,0,0,0,0,0,0,-41,-42,-42,-22,-19,-8,-8,-8,-12,-12,-11,-11,-10,-3,-2,0,0,0,0,8,0,0,-2,0,-2,-2,-12,-12,-12,-12,-24,-24,-28,-28,-28,-28,-31,-12,-12,-12,-16,-12,-23,-23,-39,-41,-56]} 1. c4 e5 2. Nc3 Nf6 3. Nf3 Nc6 4. a3 g6 5. d4 exd4 6. Nxd4 Bg7 {A28: English Opening: Four Knights Variation} 7. Bg5 h6 8. Bh4 {LiveBook: 11 Games} d6 {The position is equal.} (8... O-O 9. e3 Nxd4 10. Qxd4 g5 11. Bg3 d5 12. O-O-O Be6 13. Qc5 c6 14. cxd5 cxd5 {½-½ (56) Pantsulaia,L (2606)-Chibukhchian,A (2446) Yerevan 2014}) 9. e3 O-O 10. Nxc6 $146 ({Predecessor:} 10. Be2 Re8 11. O-O Nxd4 12. exd4 Bf5 13. Bd3 Qd7 14. Bxf6 Bxf6 {½-½ (31) Hamark,J (2350)-Couso,L (2394) Umea 2003}) 10... bxc6 11. Bd3 $1 Be6 (11... g5 $5 12. Bg3 $8 Nd7 $15) 12. O-O g5 13. Bg3 Ng4 14. Be2 Ne5 15. Qa4 Bd7 (15... Rb8 $11 16. Rab1 c5) 16. c5 $14 Qe7 17. f4 (17. cxd6 $14 cxd6 18. Rad1) 17... Nd3 (17... Ng6 $11 18. Nd1 Nxf4 19. Bxf4 gxf4 20. Qxf4 Qg5) 18. Bxd3 Qxe3+ 19. Kh1 {[#] And now Rf3 would win.} Qxd3 20. Rad1 Qg6 21. cxd6 cxd6 22. fxg5 hxg5 23. Rxd6 Be6 24. Rxc6 Rfd8 25. Qe4 Qxe4 26. Nxe4 Rd5 27. b4 a5 28. Rc5 axb4 29. axb4 Bd4 30. Rxd5 Bxd5 31. Nxg5 Bc4 32. Rb1 Bd3 33. Rd1 {[#] Hoping for Nf3.} Bc2 34. Re1 Bc3 35. Rg1 Bd4 36. Nf3 Bxg1 37. Kxg1 $15 {[%mdl 4096] Endgame KRB-KBN} Ra1+ 38. Kf2 Rb1 39. Bd6 Be4 40. g4 Bb7 41. Nd2 Rd1 42. Ke3 Rg1 43. Bg3 Rc1 44. b5 Rc5 45. b6 Rg5 46. h3 Rg6 47. Bc7 Rh6 48. Nc4 Rxh3+ 49. Kf4 Rb3 50. Nd6 Bg2 51. g5 Kf8 52. Ke5 Ke7 53. Nf5+ Kd7 54. Nh6 Rb5+ 55. Kf6 Bd5 56. Nf5 Ba2 57. Nd4 Rb2 58. Ke5 Rd2 {...Rd1 is the strong threat.} 59. Ke4 {Precision: White = 56%, Black = 67%.} 1/2-1/2

[Event "RUS-chT Premier League 2018"]
[Site "Sochi"]
[Date "2018.05.05"]
[Round "5"]
[White "Bezgodov, Alexei"]
[Black "Shirov, Alexei"]
[Result "1/2-1/2"]
[WhiteElo "2460"]
[BlackElo "2652"]
[Annotator "TA"]
[PlyCount "56"]
[EventDate "2018.??.??"]
[EventCountry "RUS"]
[SourceTitle "playchess.com"]
[Source "ChessBase"]
[SourceQuality "1"]

{[%evp 23,56,0,8,0,3,0,0,0,0,0,0,0,3,0,0,0,0,0,0,0,0,0,0,0,0,0,0,0,0,0,0,0,0,0,0]} 1. e4 e5 2. Nf3 Nc6 3. Nc3 Nf6 4. Bb5 Nd4 5. Nxd4 exd4 6. e5 dxc3 7. exf6 Qxf6 8. dxc3 Qe5+ 9. Qe2 Qxe2+ 10. Kxe2 c6 11. Bd3 d5 12. Re1 {C48: Four Knights: 4 Bb5, replies other than 4...Bb4} (12. Bf4 Be6 13. Rhe1 Kd7 14. Rad1 Bd6 {½-½ (14) Istratescu,A (2651)-Fressinet,L (2693) Haguenau 2013}) 12... Bd6 {LiveBook: 3 Games. The position is equal.} 13. Bf4 Ke7 $146 ({Predecessor:} 13... Bxf4 14. Kf3+ Be6 15. Kxf4 O-O-O 16. Re5 h6 17. Rae1 Rhe8 18. a3 Re7 19. Kg3 Rde8 20. f4 Kd8 21. f5 Bd7 22. Kf4 f6 23. Rxe7 {½-½ (23) Vrana,F (2271)-Sabol,M (2358) Czechia 2004}) 14. Kf3+ Be6 15. c4 dxc4 16. Bxc4 Bxf4 17. Kxf4 Rad8 {[#] aiming for ...Rd4+.} 18. Bxe6 fxe6 $11 {[%mdl 4096] Endgame KRR-KRR} 19. Re2 Rd4+ 20. Kg3 Rhd8 21. Rae1 R8d6 22. f3 Rd2 23. Kf2 Rxe2+ 24. Rxe2 Rd1 25. Re1 Rd2+ 26. Re2 Rd1 27. Re1 Rd2+ 28. Re2 Rd1 {Precision: White = 84%, Black = 86%.} 1/2-1/2

[Event "RUS-chT Premier League 2018"]
[Site "Sochi"]
[Date "2018.05.05"]
[Round "5"]
[White "Palchun, Grigory"]
[Black "Natacheev, Peter"]
[Result "1-0"]
[WhiteElo "2454"]
[BlackElo "2243"]
[Annotator "TA"]
[PlyCount "55"]
[EventDate "2018.??.??"]
[EventCountry "RUS"]
[SourceTitle "playchess.com"]
[Source "ChessBase"]
[SourceQuality "1"]

{[%evp 14,55,44,44,44,39,46,24,9,23,22,13,18,10,82,0,77,53,79,84,71,72,77,72,197,191,418,425,430,429,412,414,531,541,519,533,520,509,1132,350,555,550,850,831]} 1. d4 d5 2. Bf4 Nf6 3. e3 g6 4. Nf3 Bg7 5. c4 e6 6. Nc3 O-O {D92: Grünfeld: 4 Nf3 Bg7 5 Bf4} 7. Qc2 c6 8. Be2 {LiveBook: 4 Games} Nbd7 {White is slightly better.} 9. O-O b6 10. b4 dxc4 11. Bxc4 Bb7 12. Bd6 $146 ({Predecessor:} 12. Rad1 Re8 13. h3 Nd5 14. Nxd5 exd5 15. Be2 {1-0 (46) Mascaro March,P (2369)-Guadamuro Torrente,A (2142) Palma de Mallorca 2009}) 12... Re8 $1 13. e4 $36 {[%cal Be3e4,Be4e5][%mdl 2080] White has some pressure.} Rc8 (13... c5 $11) 14. Rad1 ({White should play} 14. Rfb1 $16) 14... Nb8 (14... c5 $1 $11 15. dxc5 bxc5 16. Bxc5 Bf8) 15. Bg3 Qe7 16. a3 h6 17. e5 Nh5 18. Ne4 {Strongly threatening Nd6.} Nxg3 (18... c5 $16) 19. fxg3 $18 ({Much less strong is} 19. hxg3 $6 c5 $16) 19... Red8 $2 {[#]} (19... c5 {keeps fighting.}) 20. Nf6+ $1 {[%mdl 512]} Kh8 {[#]} (20... Bxf6 21. exf6) 21. Nh4 $1 {[%cal Rh4g6]} Nd7 {[%cal Rd7f6] [#]} 22. Qxg6 $3 {[%csl Gf6][%cal Rg6h7][%mdl 512]} Nf8 (22... fxg6 23. Nxg6#) 23. Qh5 c5 24. bxc5 bxc5 25. d5 exd5 (25... Bxd5 $142 26. Bxd5 exd5) 26. Nxd5 $2 (26. Nf5 Qxe5 27. Ng4) 26... Qxe5 (26... Bxd5 $142 27. Bxd5 (27. Rxd5 Rxd5 28. Bxd5 c4 $18) 27... c4) 27. Qxf7 {White wants to mate with Nf6.} Qe6 28. Qxb7 {Precision: White = 74%, Black = 43%.} 1-0

[Event "RUS-chT Premier League 2018"]
[Site "Sochi"]
[Date "2018.05.05"]
[Round "5"]
[White "Shinkevich, Vitaly"]
[Black "Lobanov, Sergei"]
[Result "0-1"]
[WhiteElo "2433"]
[BlackElo "2515"]
[Annotator "TA"]
[PlyCount "138"]
[EventDate "2018.??.??"]
[EventCountry "RUS"]
[SourceTitle "playchess.com"]
[Source "ChessBase"]
[SourceQuality "1"]

{[%evp 25,138,0,0,0,0,0,13,-6,0,-9,-4,-11,0,0,13,-16,0,-18,-10,-16,-21,-19,-7,-36,-17,-35,-30,-51,-47,-57,-56,-71,-48,-60,-37,-71,-19,-72,-22,-59,-13,-18,-14,-9,-13,-20,-25,-25,-28,-51,-63,-54,-58,-54,-59,-162,-146,-145,-139,-124,-129,-119,-128,-168,-176,-172,-164,-152,-144,-185,-192,-171,-158,-231,-223,-339,-341,-344,-331,-326,-294,-249,-216,-253,-220,-304,-183,-491,-311,-231,0,-468,-270,-214,0,-423,-423,-783,-756,-660,-624,-600,-781,-710,-662,-1757,-1404,-1684,-1548,-2093,-1561,-5966,-5353,-29988,-29989]} 1. d4 Nf6 2. Nf3 d5 3. c4 c6 4. Nc3 e6 5. Bg5 h6 6. Bxf6 Qxf6 7. e3 Nd7 8. Bd3 dxc4 9. Bxc4 g6 10. O-O Bg7 11. Rc1 O-O 12. Bb3 Qe7 {D43: Semi-Slav: 5 Bg5 h6} 13. Na4 e5 {LiveBook: 7 Games} (13... Rd8 14. Qc2 Nf8 15. Ne5 Bd7 16. Qc5 Qxc5 17. Nxc5 Rab8 18. f4 Be8 19. Rc2 Nh7 20. Rfc1 {½-½ (46) Topalov,V (2796)-Aronian,L (2750) Nice 2009}) 14. Nc3 Kh7 {The position is equal.} 15. Qc2 f5 16. Rfd1 e4 17. Nd2 Nf6 18. Ne2 $146 (18. h3 {is interesting.} Rd8 19. a3 Bd7 20. Ba2 Be8 21. Nc4) ({Predecessor:} 18. h3 b5 19. Ne2 Bd7 20. a4 {½-½ (40) Ferlito,G (1998)-Petersons,I (2263) ICCF email 2012}) 18... Bd7 (18... a5 {looks sharper.} 19. a4 Re8 20. h3 Rd8 21. Nf4 g5) 19. Qc5 Qxc5 20. Rxc5 Rfe8 21. Rcc1 Rad8 22. a3 g5 23. Ba2 Bc8 24. Re1 h5 {[%cal Bh6h5,Bh5h4][%mdl 32]} 25. Bb1 Nd5 26. Nc4 Kh6 27. Ng3 h4 28. Nf1 Re7 29. b4 Be6 30. Nfd2 Bf7 (30... g4 $17) 31. Na5 (31. g4 $11 {keeps the balance.}) 31... Bg6 32. Ndc4 Rdd7 33. Nb3 Rc7 {[%cal Bd7c7,Bc7c8,Bc8d8][%mdl 32]} 34. Nc5 b6 $36 {[%mdl 2048] White is under pressure.} 35. Na6 Rc8 36. Ba2 Rd8 37. Ne5 Bxe5 38. dxe5 Rxe5 39. Red1 Ree8 40. Rd4 {[#]} (40. Bxd5 $15 Rxd5 41. Rxd5 cxd5 42. Nc7) 40... Nf4 $1 {[%mdl 512]} 41. Rxd8 (41. exf4 Rxd4) 41... Ne2+ 42. Kf1 Nxc1 43. Rxe8 Bxe8 44. Nc7 Nxa2 45. Nxe8 $19 {[%mdl 4096] Endgame KN-KN} Kg6 46. Nd6 Kf6 47. Nc8 a5 48. bxa5 bxa5 49. Na7 (49. Nd6 $17) 49... c5 50. Nc6 (50. Nc8 $142) 50... a4 51. Na5 Ke6 52. Nc4 Nc3 53. Ke1 Nd5 54. Ke2 f4 55. Kf1 Nc3 56. h3 $2 {[#]} (56. Ke1 {is tougher.}) 56... Nb5 57. Ke2 Nc3+ $2 (57... Kf6 58. Nb6 Kf5) 58. Kf1 $1 Nd5 (58... Kd5 $142 59. Nb6+ Kc6) 59. Ke2 Nc3+ $2 (59... Kf6 60. Nd6 fxe3 61. fxe3 Nc3+ 62. Kd2 Nb1+ 63. Ke2 Ke5) 60. Kf1 $1 f3 61. Kg1 (61. Nb6 $142 Kd6 62. Nc4+ Kd5 63. Nb6+ Kc6 64. Nc4) 61... Kd5 62. Nb6+ Kc6 63. Nc4 Nb5 64. gxf3 exf3 65. Kf1 Kd5 66. Nb6+ Ke4 67. Nxa4 c4 68. Ke1 g4 69. hxg4 h3 {Precision: White = 36%, Black = 59%.} 0-1